Материаловедческий комплекс аппаратуры СПРУТ-VI; Приборы и техника эксперимента; № 1

Podrobná bibliografie
Parent link:Приборы и техника эксперимента/ Российская академия наук.— , 1956-.— 0032-8162
№ 1.— 2004.— с. 105-108
Další autoři: Акулин А. И., Гордеев Ю. П., Григорян О. Р., Игнатенко А. В., Новиков Л. С., Соловьёв Г. Г.
Jazyk:ruština
Vydáno: 2004
Edice:Физические приборы для экологии, медицины, биологии
Témata:
Médium: MixedMaterials Kapitola
KOHA link:https://koha.lib.tpu.ru/cgi-bin/koha/opac-detail.pl?biblionumber=427252

MARC

LEADER 00000naa2a2200000 4500
001 427252
005 20231101074629.0
035 |a (RuTPU)RU\TPU\prd\86376 
035 |a RU\TPU\prd\27674 
090 |a 427252 
100 |a 20100906a2004 k y0rusy50 ca 
101 0 |a rus 
102 |a RU 
200 1 |a Материаловедческий комплекс аппаратуры СПРУТ-VI  |f А. И. Акулин, Ю. П. Гордеев, О. Р. Григорян и др. 
225 1 |a Физические приборы для экологии, медицины, биологии 
320 |a Библиогр.: 3 назв. 
461 1 |0 (RuTPU)RU\TPU\prd\300  |x 0032-8162  |t Приборы и техника эксперимента  |f Российская академия наук  |d 1956- 
463 1 |0 (RuTPU)RU\TPU\prd\86361  |t № 1  |v с. 105-108  |d 2004 
610 1 |a материаловедческие комплексы 
610 1 |a орбитальные станции 
610 1 |a изучение космоса 
610 1 |a экспонирование материалов 
610 1 |a вольт-амперные характеристики 
610 1 |a фотоэлектрические преобразователи 
610 1 |a комплексы аппаратуры 
701 1 |a Акулин  |b А. И. 
701 1 |a Гордеев  |b Ю. П. 
701 1 |a Григорян  |b О. Р. 
701 1 |a Игнатенко  |b А. В. 
701 1 |a Новиков  |b Л. С. 
701 1 |a Соловьёв  |b Г. Г. 
801 1 |a RU  |b 63413507  |c 20040910  |g PSBO 
801 2 |a RU  |b 63413507  |c 20100907  |g RCR 
942 |c BK